000 00291nam a22001337a 4500
008 170511b xxu||||| |||| 00| 0 eng d
020 _a9780133118049
041 _aeng
080 _23RD
_a34
100 _a15
101 _aSHJ
245 _aGOOD ARGUMENTS
_cMISSIMER, C.A
942 _2udc
_cBK
999 _c13186
_d13186